Lógicas y estrategias de occidente

Detalles Bibliográficos
Autor principal: Carosio, Alba
Otros Autores: Guzmán, Nelson (autor)
Formato: Libro
Lenguaje:lengua desconocida
Publicado: Caracas : Ipasme, 2007.
Materias:
Acceso en línea:

MARC

LEADER 00000nam a2200000Ia 4500
001 49377
008 221014s9999 xx 000 0 und d
020 |a 9807033217 
040 |a UAHC  |c UAHC 
082 |a 111.85  |b C293 
100 |a Carosio, Alba 
245 0 |a Lógicas y estrategias de occidente  |c Alba Carosio. 
260 |a Caracas :  |b Ipasme,  |c 2007. 
300 |a 247 páginas. 
650 |a Filosofía 
700 |a Guzmán, Nelson  |e autor 
900 |a 111.85 CAR 
942 |c BK 
952 |0 0  |1 0  |4 0  |6 111_850000000000000_CAR  |7 0  |8 COMP  |9 95928  |a BC  |b BC  |c General  |d 2022-10-14  |l 0  |o 111.85 CAR  |p 1450270  |r 2026-01-07 00:00:00  |t 1  |w 2022-10-14  |y BK 
999 |c 59742  |d 59742